000
00255nam a2200109Ia 4500
008
220204s9999 xx 000 0 und d
082
_a
82-3
_b
PAU
100
_a
Paul, Charlotte
245
0
_a
Phoenix island
260
_a
Herts
_b
Mayflower
_c
1977
942
_c
BK
999
_c
32929
_d
32929